| 000 | 00971nam a22002057a 4500 | ||
|---|---|---|---|
| 008 | 100322t xxu||||| |||| 00| 0 eng d | ||
| 020 | _a812242354X | ||
| 020 | _a9788122423549 | ||
| 082 |
_222 _a621.382 _bKUM |
||
| 100 |
_aKumar, Sanjeev. _912949 |
||
| 245 |
_aWireless and mobile communication / _cSanjeev, Kumar. |
||
| 260 |
_aNew Delhi: _bNew Age international , _cC.2008. |
||
| 300 |
_a324 p: _bill; _c25 cm. |
||
| 500 | _aIncludes Index. | ||
| 650 |
_aWireless communication systems. _912950 |
||
| 650 |
_aMobile communication systems. _912951 |
||
| 942 |
_2ddc _cBB |
||
| 999 |
_c13745 _d13745 |
||